TEXTILES A HISTORY (Record no. 17201)
[ view plain ]
| 000 -LEADER | |
|---|---|
| fixed length control field | 00282nam a22001337a 4500 |
| 003 - CONTROL NUMBER IDENTIFIER | |
| control field | SGT |
| 020 ## - INTERNATIONAL STANDARD BOOK NUMBER | |
| International Standard Book Number | 184884509-X |
| 082 ## - DEWEY DECIMAL CLASSIFICATION NUMBER | |
| Classification number | 670 |
| Item number | H16D |
| 100 ## - MAIN ENTRY--PERSONAL NAME | |
| Personal name | MCDONALD, FIONA |
| 245 ## - TITLE STATEMENT | |
| Title | TEXTILES A HISTORY |
| 260 ## - PUBLICATION, DISTRIBUTION, ETC. (IMPRINT) | |
| Place of publication, distribution, etc | BRITAIN |
| Name of publisher, distributor, etc | REMEBDER W. |
| Year of Publication | 2011 |
| 300 ## - PAGE DESCRIPTION | |
| No. of Pages | 224 |
| 942 ## - ADDED ENTRY ELEMENTS (KOHA) | |
| Source of classification or shelving scheme | Dewey Decimal Classification |
| Koha item type | CDs & DVDs |
| Withdrawn status | Lost status | Source of classification or shelving scheme | Damaged status | Not for loan | Home library | Current library | Shelving location | Date acquired | Vendor Name | Cost, normal purchase price | SGTU | Bill Number | Total Checkouts | Full call number | Accession No. (Barcode) | Date last seen | Date last borrowed | Bill Date | Koha item type |
|---|---|---|---|---|---|---|---|---|---|---|---|---|---|---|---|---|---|---|---|
| Dewey Decimal Classification | SGT Science & Social Sciences Library | SGT Science & Social Sciences Library | Reference Book | 27/03/2019 | PUNKAJ PUB. | 2964.29 | SGTU | 4321 | 6 | 670 H16D | FF602 | 01/05/2024 | 22/04/2024 | 07/03/2019 | Books |